Countries of the World - Click Map - Statistics

General Stats
  • This quiz has been taken 155 times
    150 since last reset
  • The average score is 83 of 196
Answers on the Map
Answers color-coded by a green-red scale on the quiz's map according to % correct below.
 
Answer Stats
Answer % Correct
Canada
75%
United States
73%
Mexico
72%
Brazil
64%
Argentina
60%
Australia
60%
China
60%
Algeria
59%
Chile
58%
Panama
58%
Cuba
57%
Finland
57%
Russia
55%
Spain
55%
Bahamas
54%
Denmark
54%
Estonia
54%
Haiti
54%
Ireland
54%
United Kingdom
54%
Afghanistan
53%
Belarus
53%
Costa Rica
53%
Egypt
53%
France
53%
Greece
53%
Portugal
53%
Austria
52%
Japan
52%
Mongolia
52%
North Korea
52%
South Korea
52%
Sweden
52%
Albania
51%
Czech Republic
51%
Germany
51%
Iceland
51%
India
51%
Norway
51%
Peru
51%
South Africa
51%
Ukraine
51%
Angola
49%
Belgium
49%
Bolivia
49%
Chad
49%
Dominican Republic
49%
Guatemala
49%
Italy
49%
Lithuania
49%
Madagascar
49%
New Zealand
49%
Poland
49%
Belize
48%
Cape Verde
48%
Colombia
48%
Croatia
48%
Ecuador
48%
Honduras
48%
Latvia
48%
Nicaragua
48%
Tunisia
48%
Turkey
48%
Venezuela
48%
Botswana
47%
Bulgaria
47%
Democratic Republic of the Congo
47%
Indonesia
47%
Netherlands
47%
Paraguay
47%
Saudi Arabia
47%
Switzerland
47%
Uruguay
47%
Burkina Faso
46%
Central African Republic
46%
Iran
46%
Pakistan
46%
Bosnia and Herzegovina
45%
Cameroon
45%
Cyprus
45%
El Salvador
45%
Kazakhstan
45%
Morocco
45%
South Sudan
45%
Sudan
45%
Eritrea
43%
Ethiopia
43%
Lesotho
43%
Mali
43%
Nigeria
43%
Philippines
43%
Thailand
43%
Zambia
43%
Armenia
42%
Bangladesh
42%
Benin
42%
Djibouti
42%
Ghana
42%
Guyana
42%
Hungary
42%
Libya
42%
Moldova
42%
Mozambique
42%
Nepal
42%
Niger
42%
Oman
42%
Romania
42%
Seychelles
42%
Slovakia
42%
Slovenia
42%
Somalia
42%
Sri Lanka
42%
Taiwan
42%
Vietnam
42%
Bhutan
41%
Comoros
41%
Eswatini
41%
Guinea
41%
Guinea-Bissau
41%
Israel
41%
Jamaica
41%
Kenya
41%
Malta
41%
Sao Tome and Principe
41%
Suriname
41%
Syria
41%
Tanzania
41%
Togo
41%
Uganda
41%
United Arab Emirates
41%
Gabon
40%
Iraq
40%
Kosovo
40%
Laos
40%
Luxembourg
40%
Malawi
40%
Maldives
40%
Mauritania
40%
Mauritius
40%
Namibia
40%
Senegal
40%
Serbia
40%
Turkmenistan
40%
Yemen
40%
Azerbaijan
39%
Burundi
39%
Cambodia
39%
Equatorial Guinea
39%
Ivory Coast
39%
Kyrgyzstan
39%
Myanmar
39%
North Macedonia
39%
Papua New Guinea
39%
Republic of the Congo
39%
Sierra Leone
39%
Zimbabwe
39%
Jordan
37%
Uzbekistan
37%
Georgia
36%
Kuwait
36%
Malaysia
36%
Montenegro
36%
Qatar
36%
Tajikistan
36%
Liberia
35%
Rwanda
35%
Kiribati
34%
Lebanon
34%
East Timor
31%
Fiji
31%
Gambia
31%
Brunei
29%
Federated States of Micronesia
29%
Solomon Islands
29%
Andorra
28%
Palau
28%
Samoa
28%
Marshall Islands
27%
Nauru
27%
Trinidad and Tobago
27%
Vanuatu
27%
Bahrain
24%
Tonga
23%
Barbados
20%
Tuvalu
20%
Vatican City
20%
Liechtenstein
19%
Singapore
18%
Saint Vincent and the Grenadines
17%
Grenada
14%
San Marino
14%
Monaco
13%
Saint Kitts and Nevis
13%
Antigua and Barbuda
12%
Saint Lucia
12%
Dominica
10%
No matching quizzes found
Score Distribution
Percent of People with Each Score
Percentile by Number Answered
Your Score History
You have not taken this quiz since the last reset